Lyrics to 'Eres Tú' by Morat - Statistics

General Stats
  • This quiz has been taken 36 times
  • The average score is 94 of 132
Answer Stats
Answer % Correct
eres
100%
Eres
100%
100%
Como
67%
como
67%
de
67%
promesa
67%
una
67%
verano
67%
agua
50%
Así
50%
así
50%
brisa
50%
el
50%
en
50%
fresca
50%
fuego
50%
fuente
50%
fuerte
50%
guitarra
50%
hogar
50%
horizonte
50%
la
50%
lluvia
50%
mañana
50%
manos
50%
mi
50%
mis
50%
noche
50%
pan
50%
poema
50%
sonrisa
50%
Todo
50%
trigo
50%
hogera
33%
No matching quizzes found
Score Distribution
Percent of People with Each Score
Percentile by Number Answered
Your Score History
You have not taken this quiz